Amerigho Vespucci (Record no. 19692)

MARC details
000 -LEADER
campo de control de longitud fija 00724nam a2200205 i 4500
001 - NÚMERO DE CONTROL
campo de control 19692
003 - IDENTIFICADOR DE NÚMERO DE CONTROL
campo de control ES-MaACL
005 - FECHA Y HORA DE LA ÚLTIMA TRANSACCIÓN
campo de control 20230906152141.0
007 - CAMPO FIJO DE DESCRIPCIÓN FÍSICA--INFORMACIÓN GENERAL
campo de control de longitud fija t|
008 - DATOS DE LONGITUD FIJA--INFORMACIÓN GENERAL
campo de control de longitud fija 021008s1962 sp ||||1| spa d
100 1# - ENTRADA PRINCIPAL--NOMBRE DE PERSONA
Nombre de persona Aboal Amaro, José Alberto,
9 (RLIN) 18108
245 10 - MENCIÓN DEL TÍTULO
Título Amerigho Vespucci
Resto del título : ensayo de bibliografía crítica /
Mención de responsabilidad, etc. por José Alberto Aboal Amaro.
260 ## - PUBLICACIÓN, DISTRIBUCIÓN, ETC.
Lugar de publicación, distribución, etc. Madrid :
Nombre del editor, distribuidor, etc. Librería para bibliófilos,
Fecha de publicación, distribución, etc. 1962 (
Fabricante Langa y Cia)
300 ## - DESCRIPCIÓN FÍSICA
Extensión 149 p., 25 lám. ;
Dimensiones 25 cm.
490 1# - MENCIÓN DE SERIE
Mención de serie Publicaciones de la Biblioteca Colombina ;
Designación de volumen o secuencia 3
600 04 - PUNTO DE ACCESO ADICIONAL DE MATERIA--NOMBRE DE PERSONA
Nombre de persona Vespucci, Amerigo.
9 (RLIN) 114224
830 0# - PUNTO DE ACCESO ADICIONAL DE SERIE-TÍTULO UNIFORME
Título uniforme Publicaciones de la Biblioteca Colombina ;
Designación de volumen o secuencia 3
9 (RLIN) 226707
852 ## - LOCALIZACIÓN
Ubicación ES-MaACL
Número de control de estantería C-21867
Sublocalización o colección R.50677
Holdings
Estatus retirado Estado de pérdida Estado de daño No para préstamo Biblioteca de origen Biblioteca actual Ubicación en estantería Fecha de adquisición Fuente de adquisición Total de préstamos Signatura topográfica completa Código de barras Visto por última vez Precio de reemplazo Tipo de ítem Koha
        Biblioteca del Ateneo de Madrid Biblioteca del Ateneo de Madrid Galería 17/01/2008     C-21867 1020157 23/02/2023 23/02/2023 Libro impreso